000 00262nam a2200109Ia 4500
999 _c8037
_d8037
020 _a978-8131727249
100 _aRonald J. Tocci
245 0 _aDigital Systems Principles and Applications
260 _aIndia
_bMicrosoft Press
_c2012
300 _a220
942 _cBK